Paroles de 'La vie du bon côté' de Keen'v - Statistiques

Statistiques générales
  • Ce quiz a été pris 406 fois
  • Le résultat moyen est 166 sur 284
Statistiques - réponses
Réponse % Correct
la
97%
je
95%
Je
95%
à
93%
vie
93%
de
92%
du
92%
bon
91%
côté
91%
Me
89%
me
89%
est
85%
y
85%
Ca
84%
ça
84%
pas
84%
le
83%
Le
83%
tout
82%
ai
81%
décidé
81%
pour
81%
Pour
81%
assez
80%
J'ai
80%
j'ai
80%
prendre
80%
passé
79%
recommencer
78%
j'en
77%
libérer
76%
effacé
70%
ces
65%
lamenter
64%
m'lamenter
59%
c'est
56%
C'est
56%
et
51%
Il
50%
Les
50%
en
49%
j'vais
48%
J'vais
48%
que
44%
complexé
43%
Mais
43%
mais
43%
rien
43%
Rien
43%
ne
42%
Ne
42%
sentais
42%
Adolescent
41%
croquer
40%
dents
40%
souvent
40%
pleines
39%
sente
37%
d'un
36%
mes
36%
cessé
35%
suffisait
35%
vexé
35%
critiques
33%
d'me
33%
envie
32%
qu'on
31%
des
28%
idées
28%
tu
28%
n'a
27%
changer
26%
d'prendre
26%
faisait
26%
On
26%
on
26%
pleinement
25%
donc
24%
blessaient
23%
événements
23%
selon
23%
suis
23%
ans
22%
envies
22%
essayé
22%
l'passé
22%
quarante
22%
vis
21%
peux
20%
regrets
20%
effacer
19%
changerait
18%
peinaient
18%
arrivé
17%
bien
17%
J'y
17%
important
16%
nourrir
16%
profiter
16%
donne
15%
J'fais
15%
meilleur
15%
non
15%
peut
15%
qu'une
15%
seule
15%
regretter
14%
y'est
14%
arriver
13%
abandonner
11%
d'antan
11%
moi-même
11%
vainement
11%
remords
10%
exister
9%
poids
9%
continuer
8%
lourd
8%
J'n'ai
7%
portant
6%
Aucun quiz correspondant
Distribution des résultats
% des personnes avec chaque résultat
Percentile par nombre de réponses
Votre historique - résultats
Vous n’avez pas pris ce quiz